| 000 | 01000nac a22002531u 4500 | ||
|---|---|---|---|
| 082 |
_a603 _bSAB |
||
| 090 |
_c3660 _d3660 |
||
| 100 | _aSabrie, Abdul Munhem | ||
| 245 |
_aTechnical Dictionary:Textile Industry: _bEnglish-French-German-Arabic / _ccompiled by Abdul Munhem Sabrie & Rida Saleh Scharaf; revised by Anwar Abd-El-Wahed |
||
| 260 |
_aLeipzig; Cairo: _bAl-Ahram, 1975 _c1975. |
||
| 300 |
_a264, 128 p.: _bill; _c19cm. |
||
| 440 | _aal-maajim al Technolozhiya Al Takhasusiyah | ||
| 500 | _aTitle In English, French, German and Arabic. | ||
| 500 | _adistributer: Al-Ahram | ||
| 511 | _acatalogued by: wessam | ||
| 650 |
_aTextile industry _x Dictionaries |
||
| 650 |
_aTechnology _v Dictionaries Arabic |
||
| 650 |
_aTechnology _v Dictionaries German |
||
| 650 |
_aTechnology _v Dictionaries French |
||
| 700 | _aScharaf, Rida Saleh | ||
| 700 | _aAbd-El-Wahed, Anwar | ||
| 942 |
_cNB _k603SAB |
||
| 999 |
_c3660 _d3660 |
||